| 000 | 00744cac a22002171u 4500 | ||
|---|---|---|---|
| 008 | 081116t2006 xxu||||| |||| 00| 0 eng d | ||
| 010 | _a2001034368 | ||
| 020 | _a0130938211 | ||
| 022 | _a0132017873 (International ed.) | ||
| 082 | 0 | 0 |
_a174.4 _bVEL _222 |
| 100 |
_aVelasquez, Manuel G. _96538 |
||
| 245 | 1 | 0 |
_aBusiness ethics : _bconcepts and cases / _cManuel G. Velasquez. |
| 250 |
_a6th ed. _bInternational ed. |
||
| 260 |
_aUpper Saddle River, NJ : _bPrentice Hall, _cc2006. |
||
| 300 |
_axvi, 437 p. : _bill. ; _c23 cm. |
||
| 500 | _aInternational Edition. | ||
| 504 | _aIncludes bibliographical references and index. | ||
| 650 | 0 |
_aBusiness ethics. _96539 |
|
| 650 | 0 |
_aBusiness ethics _vCase studies. _96540 |
|
| 942 |
_cBB _k174.4 VEL _2ddc |
||
| 999 |
_c4805 _d4805 |
||